El latín familiar / (Record no. 81052)
[ view plain ]
| 000 -LEADER | |
|---|---|
| campo de control de longitud fija | 00829nam a2200241 i 4500 |
| 001 - NÚMERO DE CONTROL | |
| campo de control | 81052 |
| 003 - IDENTIFICADOR DE NÚMERO DE CONTROL | |
| campo de control | ES-MaACL |
| 005 - FECHA Y HORA DE LA ÚLTIMA TRANSACCIÓN | |
| campo de control | 20240129180132.0 |
| 007 - CAMPO FIJO DE DESCRIPCIÓN FÍSICA--INFORMACIÓN GENERAL | |
| campo de control de longitud fija | t| |
| 008 - DATOS DE LONGITUD FIJA--INFORMACIÓN GENERAL | |
| campo de control de longitud fija | 041102s1958 sp ||||1| spa d |
| 080 ## - NÚMERO DE LA CLASIFICACIÓN DECIMAL UNIVERSAL | |
| Número de la Clasificación Decimal Universal | 811.124'03 |
| 100 1# - ENTRADA PRINCIPAL--NOMBRE DE PERSONA | |
| Nombre de persona | Hofmann, Johann Baptist. |
| 9 (RLIN) | 63961 |
| 245 13 - MENCIÓN DEL TÍTULO | |
| Título | El latín familiar / |
| Mención de responsabilidad, etc. | por Johann Baptist Hofmann ; traducido y anotado por Juan Corominas. |
| 260 ## - PUBLICACIÓN, DISTRIBUCIÓN, ETC. | |
| Lugar de publicación, distribución, etc. | Madrid : |
| Nombre del editor, distribuidor, etc. | Instituto "Antonio de Nebrija", |
| Fecha de publicación, distribución, etc. | 1958 ( |
| Fabricante | Selecciones Gráf.) |
| 300 ## - DESCRIPCIÓN FÍSICA | |
| Extensión | XIX, 288 p. ; |
| Dimensiones | 25 cm. |
| 490 1# - MENCIÓN DE SERIE | |
| Mención de serie | Manuales y anejos de Emérita ; |
| Designación de volumen o secuencia | 16 |
| 650 #4 - PUNTO DE ACCESO ADICIONAL DE MATERIA--TÉRMINO DE MATERIA | |
| Término de materia o nombre geográfico como elemento de entrada | Lengua latina vulgar. |
| 9 (RLIN) | 14309 |
| 700 1# - ENTRADA AGREGADA--NOMBRE PERSONAL | |
| Nombre de persona | Coromines, Joan, |
| Fechas asociadas al nombre | 1905-1997 |
| 9 (RLIN) | 40667 |
| 710 2# - ENTRADA AGREGADA--NOMBRE DE ENTIDAD CORPORATIVA | |
| Nombre de entidad corporativa o nombre de jurisdicción como elemento de entrada | Instituto Antonio de Nebrija. |
| 9 (RLIN) | 4795 |
| 830 1# - PUNTO DE ACCESO ADICIONAL DE SERIE-TÍTULO UNIFORME | |
| Título uniforme | Manuales y anejos de Emérita ; |
| Designación de volumen o secuencia | 16 |
| 9 (RLIN) | 183691 |
| 852 4# - LOCALIZACIÓN | |
| Ubicación | ES-MaACL |
| Número de control de estantería | C-16917 |
| Estatus retirado | Estado de pérdida | Estado de daño | No para préstamo | Biblioteca de origen | Biblioteca actual | Ubicación en estantería | Fecha de adquisición | Fuente de adquisición | Total de préstamos | Signatura topográfica completa | Código de barras | Visto por última vez | Precio de reemplazo | Tipo de ítem Koha |
|---|---|---|---|---|---|---|---|---|---|---|---|---|---|---|
| Biblioteca del Ateneo de Madrid | Biblioteca del Ateneo de Madrid | Galería | 17/01/2008 | C-16917 | 1084730 | 23/02/2023 | 23/02/2023 | Libro impreso |
